| 000 | 01352nam a22002057a 4500 | ||
|---|---|---|---|
| 999 |
_c58514 _d58514 |
||
| 003 | Ge_BSU | ||
| 005 | 20220513130809.0 | ||
| 008 | 220513b xxu||||| |||| 00| 0 geo d | ||
| 020 | _a9789941493423 | ||
| 041 | _ageo | ||
| 080 | _a159(063) კ-66 | ||
| 245 |
_aკოვიდ 19 და ფსიქოლოგია : _b [კრებული] / _cრედაქტორი მერაბ მაღრაძე ; თბილისის სახელმწიფო სამედიცინო უნივერსიტეტი, ფსიქოლოგიური განწყობის კვლევის და კორექციის ცენტრი. |
||
| 264 |
_aთბილისი : _bსაარი, _c2021. |
||
| 300 |
_a64 გვ. : _bნახ. ; _c20 სმ. |
||
| 504 | _aბიბლიოგრაფია სტატიების ბოლოს. | ||
| 653 | _aფსიქოლოგია | ||
| 700 |
_aმაღრაძე, მერაბ _eრედაქტორი _92791 |
||
| 710 |
_aთბილისის სახელმწიფო სამედიცინო უნივერსიტეტი. _bფსიქოლოგიური განწყობის კვლევის და კორექციის ცენტრი _913726 |
||
| 942 |
_2udc _cBK |
||